Распределение золота в породах и минералах гранитоидных массивов Алтая, Забайкалья и Урала; Известия Томского политехнического института [Известия ТПИ]; Т. 239 : Вопросы геологии месторождений золота

Xehetasun bibliografikoak
Parent link:Известия Томского политехнического института [Известия ТПИ]/ Томский политехнический институт (ТПИ).— , 1944-1976
Т. 239 : Вопросы геологии месторождений золота.— 1970.— [С. 39-44]
Egile nagusia: Аношин Г. А.
Beste egile batzuk: Бушляков И. Н., Потапьев В. В.
Gaia:Заглавие с титульного листа
Электронная версия печатной публикации
Hizkuntza:errusiera
Argitaratua: 1970
Saila:Связь золотого оруденения с магматизмом и метаморфизмом
Gaiak:
Sarrera elektronikoa:Черно-белая версия для предварительного просмотра
Цветная версия без потери качества
Formatua: Baliabide elektronikoa Liburu kapitulua
KOHA link:https://koha.lib.tpu.ru/cgi-bin/koha/opac-detail.pl?biblionumber=228111

MARC

LEADER 00000nla2a2200000 4500
001 228111
005 20231031201424.0
035 |a (RuTPU)RU\TPU\book\248561 
035 |a RU\TPU\book\248558 
090 |a 228111 
100 |a 20121214d1970 k y0rusy50 ca 
101 0 |a rus 
102 |a RU 
135 |a drnn ---uucaa 
181 0 |a i  
182 0 |a b 
200 1 |a Распределение золота в породах и минералах гранитоидных массивов Алтая, Забайкалья и Урала  |b Электронный ресурс  |f Г. А. Аношин, И. Н. Бушляков, В. В. Потапьев 
203 |a Текст  |c электронный 
215 |a 2 файла (338 Кб, 8.8 Мб) 
225 1 |a Связь золотого оруденения с магматизмом и метаморфизмом 
230 |a Электронные текстовые данные (2 файла : 338 Кб, 8.8 Мб) 
300 |a Заглавие с титульного листа 
300 |a Электронная версия печатной публикации 
320 |a [Библиогр.: с. 43-44 (16 назв.)] 
337 |a Adobe Reader 
461 1 |0 (RuTPU)RU\TPU\book\200995  |t Известия Томского политехнического института [Известия ТПИ]  |f Томский политехнический институт (ТПИ)  |d 1944-1976 
463 1 |0 (RuTPU)RU\TPU\book\248552  |t Т. 239 : Вопросы геологии месторождений золота  |o материалы II конференции по изучению месторождений золота Сибири  |v [С. 39-44]  |d 1970  |p 464 с. 
610 1 |a электронный ресурс 
610 1 |a труды учёных ТПУ 
700 1 |a Аношин  |b Г. А. 
701 1 |a Бушляков  |b И. Н. 
701 1 |a Потапьев  |b В. В. 
801 1 |a RU  |b 63413507  |c 20090320  |g PSBO 
801 2 |a RU  |b 63413507  |c 20130327  |g PSBO 
856 4 |u http://www.lib.tpu.ru/fulltext/v/Bulletin_TPU/1970/v239/08_bw.pdf  |z Черно-белая версия для предварительного просмотра 
856 4 |u http://www.lib.tpu.ru/fulltext/v/Bulletin_TPU/1970/v239/08_full.pdf  |z Цветная версия без потери качества 
942 |c CF